000 00450nam a2200169 a 4500
005 20140310183145.0
008 020821s19uu xx 00 eng d
050 _aHF 5821
_b.M672 1991
100 _aMiranda, Gregorio S.
245 _aAdvertising /
_cGregorio S. Miranda.
260 _aMandaluyong City :
_bNBS.,
_c1991
300 _a233 p. :
_bill. ;
_c23 cm.
521 _aMC
650 _aAdvertising
942 _cBK
_2lcc
_kLOC
999 _c19506
_d19506